| 000 | 00522cam a2200181ua 4500 | ||
|---|---|---|---|
| 001 | 10694 | ||
| 008 | 190327n ii |||gr||||Z||||||eng | ||
| 020 | _a9788184244601 | ||
| 040 | _cMAIN | ||
| 082 | _a361.954 | ||
| 100 |
_aGurumukh Ram Madan, _eAuthor. |
||
| 245 |
_aIndian social problems _bsocial disorganization and reconstruction |
||
| 250 |
_a1st rep. / _bV.II. |
||
| 260 |
_aNew Delhi: _bAllied publishers pvt ltd, _c2015. |
||
| 300 | _a624p. | ||
| 653 | _aSocial problems & social welfare in general | ||
| 942 | _cBK | ||
| 999 |
_c9665 _d9665 |
||